Indice de precios en estructuras metálicas de mediana envergadura
Kaydedildi:
| Yazar: | |
|---|---|
| Materyal Türü: | Kitap |
| Baskı/Yayın Bilgisi: |
San José, Costa Rica
1994
|
| Konular: | |
| Etiketler: |
Etiketle
Etiket eklenmemiş, İlk siz ekleyin!
|
MARC
| LEADER | 00000nam a2200000Ia 4500 | ||
|---|---|---|---|
| 003 | 007032 | ||
| 005 | 20221231144314.0 | ||
| 008 | 140114s1994 cr a m 000 ||s d | ||
| 040 | |c cru CEDI | ||
| 090 | |a TFG 2792 | ||
| 100 | |a Pérez Castillo, Randall Arturo |9 11968 | ||
| 245 | |a Indice de precios en estructuras metálicas de mediana envergadura | ||
| 260 | |c 1994 |a San José, Costa Rica | ||
| 300 | |a viii, 116 hojas : ilustraciones (algunas plegables) ; 28 cm. | ||
| 500 | |a Proyecto de graduacion (licenciatura en ingenieria civil)--Universidad de Costa Rica. Escuela de Ingenieria Civil | ||
| 650 | |x ESTRUCTURAS METALICAS - PRECIOS |x CONSTRUCCION - PRECIOS |9 11969 | ||
| 942 | |c TFG | ||
| 999 | |c 19880 |d 19880 | ||
